zpět

Detail výsledku týmu

Na Koupališti Letovice, Letovice

Datum a čas kvízu

21 Celkem bodů Celkový počet nahraných bodů na tomto kvízu bez doplňovacích otázek.
4. Pořadí na kvízu Konečné umístění týmu na tomto kvízu.

Zaznamenané odpovědi

# Otázka Odpověď Body Výsledky
1. V úterý v 16 hodin skončila mo... 21 kandidátů 1
2. Skupina filmařů minulý týden p... raketoplánu Challenger 0
3. Nyní se tematicky vrátíme k na... Chris Evans 0
4. V pondělí vzali zákazníci útok... o vejce 1
5. V pondělí náš ženský tenisový... Barbora Krejčíková, Kateřina Siniaková 1
6. V první otázce věnované slavný... Anča a Pepík 0
7. Který hlodavec je obsažen v čí... krysa 1
8. Zobrazená myš z dílny společno... Speedy Gonzales (Rychlík Gonzales) 0
9. Mentálně retardovaný muž Charl... Růže pro algernon 1
10. Téma zakončíme v mytologii, a... veverka 0